000 00913 a2200229 4500
001 57323
005 20260407155835.0
008 260407a1989 arg spa d
003 AR-UNSa-BCEJYS
040 _aAR-UNSa-BCEJYS
_bspa
_cAR-UNSa-BCEJYS
080 _a336.71
_xBancos. Sistema bancario
245 1 0 _aConvención de bancos privados nacionales
_pdiscursos y documentos tècnicos
020 _a950-9109-84-3
264 1 _aBuenos Aires :
_bTesis
_c1989
300 _a3 v.
_c22 cm.
505 _aVol. I: Flexibilización del mercado laboral y crecimiento económico -- Vol. II: Reforma fiscal y crecimiento económico -- Vol. III: Sistema financiero internacional
041 _aspa
942 _cBK
590 _aniveau_biblio:m niveau_hierar:0
100 1 _aConvención de Bancos Privados Nacionales (6º : 1988 ago. 29-31 : Buenos Aires, Argentina)
700 1 _aAsociación de Bancos Argentinos (ADEBA)
999 _c6183
_d6183